000 00869nas a2200289 4500
001 BR2015007144
003 BR-BrBNA
005 20231205130001.0
007 ta
008 230509b bl.|||p| |||| 00| 00por d
040 _aBR-BrBNA
_bpor
_cBiblioteca Nacional de Agricultura
041 _a(Pt)
072 _aP35; F61; K10
100 1 _aFaria, A.B. de C.
100 1 _aAngelo, A.C.
100 1 _aAuer, C.G.
245 1 _aDisponibilidade de macronutrientes em Eucalyptus saligna cultivados com lodo de papel reciclado
650 _aEUCALIPTO
650 _aPRODUCAO FLORESTAL
650 _aRESIDUO ORGANICO
650 _aMACROELEMENTO
650 _aPAPEL
650 _aPOLPA
773 0 _tRevista Floresta (Brazil)
_xISSN 0015-3826
_g(Apr-Jun 2015), v. 45(2) p. 261-272
_wBR2015007144
909 _a202311
_bLúcia
_c55
_dLúcia Elande
942 _2AGRIS
_n0
_cANA
999 _c247263
_d247263